| 000 | 00735cam a2200217 a 4500 | ||
|---|---|---|---|
| 001 | 000006512 | ||
| 005 | 20200929153937.0 | ||
| 008 | 770119s1976 ve f000 1 spa | ||
| 040 |
_aDO-SdBNP _cDLC _dDLC |
||
| 050 | 0 | 0 |
_aPQ8549.T64 _bE6 vol. 3 |
| 082 |
_a863 _bT716o |
||
| 100 | 1 |
_aTosta García, Francisco, _d1852-1921. _918056 |
|
| 245 | 1 | 4 |
_aLos orientales / _cFrancisco Tosta García. |
| 260 |
_aCaracas, (Venezuela) : _bOficina Central de Información/OCI, _c1976. |
||
| 300 |
_a301 p. ; _c18 cm. |
||
| 490 | 1 |
_aEpisodios venezolanos _v3 |
|
| 651 | 0 |
_aVenezuela _xHistory _yWar of Independence, 1810-1823 _xFiction. _918061 |
|
| 830 | 0 |
_aEpisodios venezolanos ; _v3 _918058 |
|
| 910 | _aCatalogación por copia / LC | ||
| 049 | _aBNGR | ||
| 999 |
_c6303 _d6303 |
||